Agricultural exports of India in the new economic environment (Record no. 53955)

MARC details
000 -LEADER
fixed length control field 00455nam a2200169Ia 4500
100 ## - MAIN ENTRY--AUTHOR NAME
Personal name Kaundal R K
245 #0 - TITLE STATEMENT
Title Agricultural exports of India in the new economic environment
260 ## - PUBLICATION, DISTRIBUTION, ETC. (IMPRINT)
Name of publisher Foreign Trade Review
Year of publication 2006
300 ## - PHYSICAL DESCRIPTION
Number of Pages Mar-34
650 ## - SUBJECT ADDED ENTRY--TOPICAL TERM
Topical Term Agricultural exports
650 ## - SUBJECT ADDED ENTRY--TOPICAL TERM
Topical Term Agricultural sector
650 ## - SUBJECT ADDED ENTRY--TOPICAL TERM
Topical Term India
650 ## - SUBJECT ADDED ENTRY--TOPICAL TERM
Topical Term Indian economy
700 ## - ADDED ENTRY--PERSONAL NAME
Personal name Sharama Manoj
942 ## - ADDED ENTRY ELEMENTS (KOHA)
Koha item type Journals
Holdings
Withdrawn status Lost status Damaged status Not for loan Home library Current library Shelving location Date acquired Serial Enumeration / chronology Koha item type
      Journals RRII Library RRII Library Agricultural economics 11/01/2008 Volume XLI, Issue 2 Journals